Analýza vývoja ekonomiky SR v roku 1991 a predikcia vývoja na rok 1992

Enregistré dans:
Détails bibliographiques
Format: Livre
Langue:slovaque
Publié: Bratislava Prognostický ústav SAV 1992
Collection:Štúdie č. 5
Sujets:
Tags: Ajouter un tag
Pas de tags, Soyez le premier à ajouter un tag!

MARC

LEADER 00000nam a2200000 4500
001 c100016
005 20221123101519.9
022 |a 0862-9153 
041 0 |a slo 
044 |a SK 
245 1 0 |a Analýza vývoja ekonomiky SR v roku 1991 a predikcia vývoja na rok 1992  |c autorský kolektív 
264 1 |a Bratislava  |b Prognostický ústav SAV  |c 1992 
300 |a 36 s. 
490 1 |a Štúdie  |v č. 5 
830 0 |a Štúdie  |v č. 5 
610 2 0 |a Slovensko 
610 2 0 |a analýza ekonomická 
610 2 0 |a hospodárstvo národné 
610 2 0 |a vývoj hospodársky 
610 2 0 |a prognózy hospodárske 
610 2 0 |a dopyt 
610 2 0 |a dôchodok národný 
610 2 0 |a vzťahy ekonomické 
610 2 0 |a ceny 
610 2 0 |a náklady životné 
610 2 0 |a demografia 
610 2 0 |a zamestnanosť 
610 2 0 |a úroveň životná 
610 2 0 |a inovácia 
610 2 0 |a politika hospodárska